[Event "Russia Cup Final"]
[Site "Serpuhov"]
[Date "2008.11.10"]
[EventDate "?"]
[Round "3"]
[Result "1-0"]
[White "Igor Lysyj"]
[Black "Nikita Vitiugov"]
[WhiteElo "2598"]
[BlackElo "2638"]
[PlyCount "117"]

1. d4 d5 2. c4 e6 3. Nc3 c6 4. e4 dxe4 5. Nxe4 Bb4+ 6. Bd2
Qxd4 7. Bxb4 Qxe4+ 8. Be2 Na6 9. Ba5 Bd7 10. Nf3 Nf6 11. O-O
Qf5 12. Qe1 c5 13. Bc3 Bc6 14. a3 Nb8 15. Ne5 Nbd7 16. Nxc6
bxc6 17. f4 Qc2 18. Rd1 Qb3 19. Rf3 Qb7 20. Rfd3 O-O-O 21. Bf3
Qc7 22. Qg3 Rhg8 23. Rd6 Nb8 24. Rxd8+ Rxd8 25. Rxd8+ Kxd8
26. Qxg7 Ne8 27. Qg5+ Qe7 28. Qg8 Kc7 29. Qxh7 Nd6 30. b3 Nd7
31. Qh8 Kb7 32. Ba5 Nf8 33. Qe5 Nd7 34. Qh8 Nf8 35. Qb2 Ng6
36. g3 e5 37. Qe2 e4 38. Bg2 Qf6 39. Qd1 Ne7 40. Bd8 Qe6
41. Bh3 Nef5 42. Qa1 Qe8 43. Bf6 e3 44. Qe5 Nd4 45. Qxe8 Nxe8
46. Be7 Kb6 47. b4 cxb4 48. axb4 Nf3+ 49. Kf1 Nd2+ 50. Ke2
Nxc4 51. Bf5 Nc7 52. Bd8 Kb7 53. Bd3 Nb6 54. Be4 Ne6 55. Bxb6
axb6 56. Kxe3 Kc7 57. h4 Ng7 58. g4 f5 59. Bxf5 1-0

[Event "Russian Championship Higher League"]
[Site "Ulan Ude RUS"]
[Date "2009.09.02"]
[EventDate "2009.09.02"]
[Round "1"]
[Result "1-0"]
[White "Nikita Vitiugov"]
[Black "Evgeny Romanov"]
[WhiteElo "2681"]
[BlackElo "2588"]
[PlyCount "135"]

1. e4 e5 2. Nf3 Nc6 3. Bb5 a6 4. Ba4 Nf6 5. O-O Be7 6. Re1 b5
7. Bb3 d6 8. c3 O-O 9. d4 Bg4 10. d5 Na5 11. Bc2 c6 12. h3 Bc8
13. dxc6 Qc7 14. Nbd2 Qxc6 15. Nf1 Bb7 16. Ng3 Rfe8 17. Nf5
Bf8 18. Bg5 Nd7 19. Nh2 f6 20. Bc1 Kh8 21. h4 d5 22. h5 Rad8
23. Qg4 dxe4 24. Rxe4 Nc5 25. Re3 Nc4 26. Rg3 Ne4 27. Rh3 Ncd6
28. Nxd6 Nxd6 29. Rg3 f5 30. Qh3 f4 31. Rg6 Qc8 32. Ng4 Be4
33. Bb3 Bxg6 34. hxg6 h6 35. Bc2 b4 36. Bd2 Nc4 37. Be1 e4
38. cxb4 Ne5 39. Nxe5 Rxe5 40. Qxc8 Rxc8 41. Bb3 e3 42. fxe3
fxe3 43. Bc3 Rg5 44. Bf7 Bd6 45. Rd1 Bc7 46. Rd7 Bb6 47. Rb7
Rb5 48. Kf1 Bc7 49. Ra7 Rf5+ 50. Ke1 Bb8 51. Rb7 Bg3+ 52. Ke2
Rb8 53. Rd7 Rg5 54. Kxe3 Be5 55. Rd5 Bf6 56. Rxg5 hxg5 57. Kd3
g4 58. Kc4 g3 59. Bd5 Rc8+ 60. Kb3 Rd8 61. Bb7 Rd6 62. a4 Bd8
63. a5 Rxg6 64. Bd4 Rd6 65. Bc5 Rd2 66. b5 Bf6 67. bxa6 Rxb2+
68. Ka3 1-0

[Event "Russian Championship Higher League"]
[Site "Ulan Ude RUS"]
[Date "2009.09.03"]
[EventDate "2009.09.02"]
[Round "2"]
[Result "1/2-1/2"]
[White "Denis Khismatullin"]
[Black "Nikita Vitiugov"]
[WhiteElo "2614"]
[BlackElo "2681"]
[PlyCount "111"]

1. c4 e5 2. Nf3 Nc6 3. d4 exd4 4. Nxd4 Bb4+ 5. Bd2 Bxd2+
6. Qxd2 Nf6 7. Nxc6 bxc6 8. g3 Ba6 9. b3 Ne4 10. Qf4 O-O
11. Bg2 f5 12. Nd2 Ng5 13. O-O Ne6 14. Qe5 Bc8 15. e3 a5
16. f4 d6 17. Qc3 Bd7 18. Rae1 Nc5 19. e4 fxe4 20. Nxe4 Nxe4
21. Bxe4 Qf6 22. Qf3 Qd4+ 23. Kh1 a4 24. Bxc6 Bxc6 25. Qxc6
axb3 26. axb3 Ra2 27. Re8 h6 28. Rfe1 Rxe8 29. Qxe8+ Kh7
30. Qh5 Qf6 31. Re2 Qa1+ 32. Kg2 Qb1 33. Rxa2 Qxa2+ 34. Kh3
Qxb3 35. Qf5+ Kh8 36. Qf8+ Kh7 37. Qf5+ Kh8 38. Qc8+ Kh7
39. Qxc7 Qd3 40. Qf7 Qe2 41. Qf5+ Kh8 42. Qf8+ Kh7 43. Qf7 Kh8
44. f5 h5 45. Qe6 Qg4+ 46. Kg2 h4 47. Kf2 Kh7 48. Qd5 Qh3
49. gxh4 Qxh2+ 50. Ke3 Qxh4 51. Qe6 Qg5+ 52. Kd3 Qc1 53. Qg6+
Kh8 54. Qe8+ Kh7 55. Qg6+ Kh8 56. Qe8+ 1/2-1/2

[Event "Russian Championship Higher League"]
[Site "Ulan Ude RUS"]
[Date "2009.09.05"]
[EventDate "2009.09.02"]
[Round "4"]
[Result "1/2-1/2"]
[White "Vladimir Burmakin"]
[Black "Nikita Vitiugov"]
[WhiteElo "2599"]
[BlackElo "2681"]
[PlyCount "120"]

1. Nf3 c5 2. g3 g6 3. Bg2 Bg7 4. c4 Nc6 5. Nc3 e6 6. O-O Nge7
7. b3 d5 8. cxd5 exd5 9. Bb2 d4 10. Ne4 b6 11. e3 O-O 12. exd4
cxd4 13. d3 h6 14. Ba3 Bg4 15. Qd2 Qd7 16. Rfe1 Rfd8 17. Nd6
Rab8 18. Nc4 Bxf3 19. Bxf3 b5 20. Na5 Nd5 21. Nxc6 Qxc6
22. Rac1 Qa6 23. Bxd5 Rxd5 24. Bb4 Rd7 25. Qc2 Bf8 26. Bxf8
Rxf8 27. Qc6 Rd6 28. Qxa6 Rxa6 29. Rc2 Rd6 30. Re7 a6 31. Rcc7
Kg7 32. Red7 Rxd7 33. Rxd7 Rc8 34. Rxd4 Rc2 35. a4 bxa4
36. bxa4 Ra2 37. h4 h5 38. Kg2 a5 39. Kf3 Kf6 40. Ke3 Ke6
41. f3 f6 42. Re4+ Kd7 43. Rc4 Kd6 44. Rd4+ Ke6 45. Re4+ Kd7
46. g4 hxg4 47. Rxg4 Ke6 48. Rxg6 Rxa4 49. h5 Rh4 50. h6 Rh1
51. Ke4 Rh4+ 52. f4 a4 53. Rg8 f5+ 54. Ke3 Rxh6 55. Ra8 Rh3+
56. Kd4 Rf3 57. Ra6+ Kf7 58. Ke5 Rxd3 59. Rxa4 Rb3 60. Ra7+
Kf8 1/2-1/2

[Event "Russian Championship Higher League"]
[Site "Ulan Ude RUS"]
[Date "2009.09.06"]
[EventDate "2009.09.02"]
[Round "5"]
[Result "1-0"]
[White "Nikita Vitiugov"]
[Black "Anton Shomoev"]
[WhiteElo "2681"]
[BlackElo "2566"]
[PlyCount "105"]

1. c4 g6 2. e4 Bg7 3. d4 d6 4. Nc3 Nf6 5. f3 O-O 6. Be3 Nc6
7. Nge2 a6 8. Qd2 Rb8 9. Nc1 e5 10. d5 Nd4 11. Nb3 Nxb3
12. axb3 c5 13. g4 h5 14. h3 Nh7 15. gxh5 Qh4+ 16. Qf2 Qxh5
17. Be2 f5 18. exf5 gxf5 19. f4 Qh6 20. O-O-O e4 21. Rdg1 Kh8
22. Rh2 Bxc3 23. bxc3 Bd7 24. Rhg2 Rg8 25. Kc2 Rxg2 26. Qxg2
Nf6 27. Qg5 Kh7 28. b4 cxb4 29. cxb4 b5 30. Bd4 Rg8 31. Qxh6+
Kxh6 32. Ra1 Rg2 33. Kd1 bxc4 34. Bxf6 Bb5 35. Ra3 Rg1+
36. Kd2 Rg2 37. Re3 c3+ 38. Bxc3 Rh2 39. Kd1 Bxe2+ 40. Rxe2
Rxh3 41. Kc2 Rd3 42. Rd2 Rf3 43. Rh2+ Kg6 44. Rg2+ Kh6
45. Bg7+ Kh7 46. Bf8 e3 47. Kd3 e2+ 48. Kxe2 Rxf4 49. Bxd6 Rd4
50. Rg7+ Kh8 51. Ra7 Rxd5 52. Rxa6 Kg7 53. Bc5 1-0

[Event "Russian Championship Higher League"]
[Site "Ulan Ude RUS"]
[Date "2009.09.07"]
[EventDate "2009.09.02"]
[Round "6"]
[Result "1/2-1/2"]
[White "Maxim Matlakov"]
[Black "Nikita Vitiugov"]
[WhiteElo "2574"]
[BlackElo "2681"]
[PlyCount "45"]

1. d4 d5 2. c4 c6 3. Nf3 Nf6 4. e3 Bg4 5. Qb3 Qb6 6. Nc3 e6
7. Nh4 Bh5 8. h3 g5 9. Nf3 h6 10. Bd3 Rg8 11. g4 Bg6 12. Bxg6
Rxg6 13. Ne5 Rg8 14. Bd2 Nbd7 15. Nxd7 Nxd7 16. O-O-O Qxb3
17. axb3 Nb6 18. c5 Nd7 19. b4 a6 20. f3 Be7 21. h4 O-O-O
22. hxg5 hxg5 23. Ne2 1/2-1/2

[Event "Russian Championship Higher League"]
[Site "Ulan Ude RUS"]
[Date "2009.09.11"]
[EventDate "2009.09.02"]
[Round "9"]
[Result "0-1"]
[White "Ivan Popov"]
[Black "Nikita Vitiugov"]
[WhiteElo "2582"]
[BlackElo "2681"]
[PlyCount "122"]

1. c4 e5 2. Nc3 Bb4 3. Nf3 Bxc3 4. dxc3 d6 5. g3 Nf6 6. Bg2
O-O 7. Bg5 h6 8. Bxf6 Qxf6 9. O-O a5 10. Ne1 a4 11. Nc2 Na6
12. b4 Nb8 13. Qd3 Nd7 14. Rad1 Nb6 15. e4 a3 16. Ne3 Na4
17. Rc1 Nb2 18. Qe2 Re8 19. f4 exf4 20. gxf4 Bd7 21. Kh1 c6
22. f5 Qh4 23. Nd1 d5 24. Nxb2 axb2 25. Qxb2 dxe4 26. Rcd1 Re7
27. Qe2 Qf6 28. Rd4 Bxf5 29. Bh3 Re5 30. Bxf5 Rxf5 31. Rxf5
Qxf5 32. Rxe4 Kh7 33. Rd4 Qb1+ 34. Rd1 Rxa2 35. Qd3+ Qxd3
36. Rxd3 b5 37. Rd6 bxc4 38. Rxc6 f5 39. Rxc4 Rb2 40. Rf4 Kg6
41. Kg1 Kf6 42. Rc4 Kg5 43. h4+ Kh5 44. Rf4 g6 45. Kf1 Rb3
46. Rc4 g5 47. Kg2 Rb2+ 48. Kf3 gxh4 49. Rd4 Kg5 50. Rd1 h3
51. b5 h2 52. c4 Kh4 53. c5 Rxb5 54. Kg2 Rb2+ 55. Kh1 Rc2
56. c6 f4 57. Rd8 Kg3 58. Rd3+ f3 59. Rd1 Rxc6 60. Ra1 Rc2
61. Rf1 Rf2 0-1

[Event "Russian Championship Higher League"]
[Site "Ulan Ude RUS"]
[Date "2009.09.13"]
[EventDate "2009.09.02"]
[Round "11"]
[Result "1/2-1/2"]
[White "Alexander Riazantsev"]
[Black "Nikita Vitiugov"]
[WhiteElo "2646"]
[BlackElo "2681"]
[PlyCount "38"]

1. d4 Nf6 2. c4 e6 3. Nc3 Bb4 4. Qc2 O-O 5. a3 Bxc3+ 6. Qxc3
d5 7. Nf3 dxc4 8. Qxc4 b6 9. Bg5 Ba6 10. Qa4 c5 11. dxc5 bxc5
12. Rd1 Qb6 13. Bxf6 gxf6 14. Rd2 Nc6 15. Qg4+ Kh8 16. Qh4 Kg7
17. Qg3+ Kh8 18. Qh4 Kg7 19. Qg3+ Kh8 1/2-1/2

[Event "World Team Championship"]
[Site "Bursa TUR"]
[Date "2010.01.12"]
[EventDate "2010.01.05"]
[Round "8"]
[Result "0-1"]
[White "Walaa Sarwat"]
[Black "Nikita Vitiugov"]
[WhiteElo "2386"]
[BlackElo "2692"]
[PlyCount "62"]

1. Nf3 d5 2. c4 d4 3. e3 Nc6 4. exd4 Nxd4 5. Nxd4 Qxd4 6. Nc3
c6 7. d3 Nh6 8. Be3 Qd8 9. d4 Nf5 10. Be2 g6 11. Qd2 Bg7
12. O-O-O Qa5 13. Kb1 O-O 14. g4 Nxe3 15. fxe3 Rd8 16. Qc2 c5
17. dxc5 Bd7 18. Rd3 Bc6 19. Nd5 Qxc5 20. Rhd1 e6 21. Nc3 Rxd3
22. Rxd3 Rc8 23. Qd2 Bf6 24. Qe1 b5 25. cxb5 Be4 26. Kc1 Bxd3
27. Bxd3 Bxc3 28. bxc3 Qa3+ 29. Kb1 Rxc3 30. Bc2 Qb4+ 31. Ka1
Qc5 0-1

[Event "CZE-chT 0910"]
[Site "Czechia"]
[Date "2010.03.28"]
[EventDate "?"]
[Round "9.1"]
[Result "1-0"]
[White "Sergei Mushegovic Movsesian"]
[Black "Nikita Vitiugov"]
[WhiteElo "2718"]
[BlackElo "2689"]
[PlyCount "69"]

1. e4 e6 2. d4 d5 3. e5 c5 4. c3 Qb6 5. Nf3 Nc6 6. Be2 cxd4
7. cxd4 Nh6 8. Nc3 Nf5 9. Na4 Qa5+ 10. Kf1 b5 11. Nc3 b4
12. Nb1 Ba6 13. Be3 Be7 14. Nbd2 O-O 15. Nb3 Qb6 16. Bxa6
Qxa6+ 17. Qe2 Qb6 18. g4 Nxe3+ 19. Qxe3 a5 20. Kg2 Rfc8
21. Rac1 a4 22. Nc5 Rc7 23. h4 Qa7 24. Nd3 Rac8 25. h5 a3
26. b3 Qb6 27. g5 Na7 28. Rxc7 Rxc7 29. g6 Nb5 30. Qf4 Bf8
31. Ng5 fxg6 32. Nxh7 Rf7 33. Nf6+ gxf6 34. hxg6 Rd7 35. exf6
1-0

[Event "Karpov Poikovsky"]
[Site "Poikovsky RUS"]
[Date "2010.06.13"]
[EventDate "2010.06.02"]
[Round "11"]
[Result "1/2-1/2"]
[White "Nikita Vitiugov"]
[Black "Baadur Aleksandrovich Jobava"]
[WhiteElo "2707"]
[BlackElo "2715"]
[PlyCount "33"]

1. d4 Nf6 2. c4 g6 3. Nc3 Bg7 4. e4 d6 5. f3 c6 6. Be3 a6
7. Qd2 b5 8. Bh6 Bxh6 9. Qxh6 Be6 10. Nh3 Bxh3 11. Qxh3 Nbd7
12. Qh6 b4 13. Na4 Nb6 14. Nxb6 Qxb6 15. O-O-O O-O-O 16. Be2
c5 17. d5 1/2-1/2

[Event "TCh-CZE -11"]
[Site "Frydek Mistek CZE"]
[Date "2010.11.07"]
[EventDate "2010.11.05"]
[Round "2.1"]
[Result "1/2-1/2"]
[White "Dariusz Swiercz"]
[Black "Nikita Vitiugov"]
[WhiteElo "2522"]
[BlackElo "2709"]
[PlyCount "137"]

1. d4 Nf6 2. c4 e6 3. Nc3 Bb4 4. e3 O-O 5. Bd3 c5 6. Nf3 Nc6
7. O-O Bxc3 8. bxc3 d6 9. e4 e5 10. d5 Ne7 11. Nh4 h6 12. f4
Ng6 13. Nxg6 fxg6 14. Rb1 b6 15. Rb2 Rb8 16. Qe1 Qe8 17. Qh4
Rb7 18. h3 Rbf7 19. Qg3 Nh5 20. Qxg6 Rxf4 21. Qxe8 Rxf1+
22. Bxf1 Rxe8 23. Rf2 Rf8 24. Rxf8+ Kxf8 25. Kf2 Ke7 26. Kf3
Nf6 27. Ke3 Bd7 28. Be2 Be8 29. Bd1 Nh7 30. Bd2 Ng5 31. Be1
Nf7 32. Kd3 Nd8 33. Bh4+ g5 34. Be1 Bd7 35. h4 Nb7 36. Bf2 Na5
37. Bb3 Kf6 38. Be1 Kg6 39. Bf2 Be8 40. Be1 Bd7 41. Bf2 Nxb3
42. axb3 a5 43. hxg5 Kxg5 44. Be3+ Kg6 45. Bf2 Kh5 46. Be3 Bc8
47. Ke2 Bg4+ 48. Kd2 Kg6 49. Bf2 Kg5 50. Be3+ Kh5 51. Bf2 Bd7
52. Be3 Bc8 53. Ke2 Kg6 54. Bf2 Kf7 55. Be3 h5 56. Bg5 Ke8
57. Ke3 Kd7 58. Bh4 Kc7 59. Be7 Bd7 60. Kd3 Bg4 61. Kd2 Kd7
62. Bg5 Ke8 63. Bh4 Bd7 64. Bg5 a4 65. bxa4 Bxa4 66. Bh4 Bb3
67. Kd3 Ba2 68. Bg5 Bb1+ 69. Ke3 1/2-1/2

[Event "Russian Championship Higher League"]
[Site "Tyumen RUS"]
[Date "2012.06.17"]
[EventDate "2012.06.16"]
[Round "2"]
[Result "1-0"]
[White "Ivan Popov"]
[Black "Nikita Vitiugov"]
[WhiteElo "2609"]
[BlackElo "2703"]
[PlyCount "123"]

1. e4 e6 2. d4 d5 3. Nc3 Bb4 4. exd5 exd5 5. Bd3 Nf6 6. Ne2
O-O 7. O-O c6 8. a3 Bd6 9. Bf4 Re8 10. Qd2 Bg4 11. Bxd6 Qxd6
12. Qf4 Qxf4 13. Nxf4 Nbd7 14. f3 Be6 15. h4 h5 16. Rfe1 Nf8
17. b4 Bd7 18. Rxe8 Rxe8 19. a4 Ne6 20. Nxe6 Bxe6 21. a5 a6
22. Re1 g6 23. Kf2 Kg7 24. Na4 Nd7 25. g4 hxg4 26. fxg4 Rh8
27. Kg3 Kf6 28. Nc3 Nf8 29. Re3 Ke7 30. Ne2 Kd6 31. Rf3 Ke7
32. Nf4 Bd7 33. Re3+ Kd6 34. c4 dxc4 35. Bxc4 f6 36. Bb3 Rh6
37. Nd3 g5 38. hxg5 fxg5 39. Nc5 Rh4 40. Bd1 Kc7 41. Re7 Rh7
42. Re5 Rh1 43. Bf3 Rb1 44. Rxg5 Rxb4 45. Rg7 Rxd4 46. Rf7 Rc4
47. Nxd7 Nxd7 48. g5 Rc5 49. Kh4 Kd6 50. g6 Rc4+ 51. Kh3 Ne5
52. g7 Nxf7 53. g8=Q Ne5 54. Qb8+ Ke6 55. Bd1 Rc3+ 56. Kg2 Rd3
57. Qe8+ Kd5 58. Qd8+ Kc5 59. Qb6+ Kd6 60. Bb3 Rd2+ 61. Kf1
Nf3 62. Qe3 1-0

[Event "European Club Cup"]
[Site "Eilat ISR"]
[Date "2012.10.12"]
[EventDate "2012.10.10"]
[Round "2"]
[Result "1/2-1/2"]
[White "Vitaly Teterev"]
[Black "Nikita Vitiugov"]
[WhiteElo "2529"]
[BlackElo "2691"]
[PlyCount "101"]

1. Nf3 d5 2. g3 c6 3. Bg2 Nf6 4. O-O Bf5 5. d3 e6 6. c4 h6
7. cxd5 exd5 8. Nc3 Be7 9. Nd4 Bh7 10. e4 O-O 11. Re1 Na6
12. e5 Ne8 13. Bh3 Nc5 14. Nf5 Ne6 15. d4 Bb4 16. f4 Ba5
17. Be3 c5 18. Kh1 N8c7 19. Nd6 cxd4 20. Bxd4 Nxd4 21. Qxd4
Bb6 22. Qd2 d4 23. Na4 Nb5 24. Nxb6 Qxb6 25. Nxb5 Qxb5
26. Qxd4 Rfd8 27. Qf2 Bd3 28. b3 a5 29. e6 fxe6 30. Bxe6+ Kh8
31. Re5 Qb4 32. Rae1 Bb5 33. Kg1 Bc6 34. R5e2 Qc3 35. Re3 Qb4
36. R3e2 Qc3 37. Rc2 Qf6 38. Qe3 Rd6 39. Qe5 Qd8 40. f5 Rd1
41. Rce2 Rxe1+ 42. Rxe1 Qd2 43. Qe2 Rd8 44. Qxd2 Rxd2 45. a4
Rg2+ 46. Kf1 Rxh2 47. Re5 h5 48. Rxa5 Kh7 49. Re5 Kh6 50. Bd5
Rb2 51. Bxc6 1/2-1/2

[Event "World Rapid Championship"]
[Site "Khanty-Mansiysk RUS"]
[Date "2013.06.06"]
[EventDate "2013.06.06"]
[Round "1.8"]
[Result "1/2-1/2"]
[White "Nikita Vitiugov"]
[Black "Kateryna Alexandrovna Lahno"]
[WhiteElo "2734"]
[BlackElo "2542"]
[PlyCount "137"]

1. d4 Nf6 2. Nf3 g6 3. Bg5 Bg7 4. Nbd2 c5 5. c3 cxd4 6. cxd4
d5 7. e3 O-O 8. Bd3 Nc6 9. h3 Qb6 10. Qb3 Qxb3 11. Nxb3 Nb4
12. Bb1 Bf5 13. Bxf5 gxf5 14. Ke2 Rfc8 15. Rhc1 e6 16. Bxf6
Bxf6 17. a3 Nc6 18. Nc5 b6 19. Nd7 Bg7 20. Rc3 Ne7 21. Rac1
Rxc3 22. Rxc3 Rc8 23. g4 Rxc3 24. bxc3 fxg4 25. hxg4 Nc6
26. g5 b5 27. Kd3 Bf8 28. Nxf8 Kxf8 29. e4 Kg7 30. exd5 exd5
31. Nh4 f6 32. f4 fxg5 33. fxg5 Na5 34. Nf5+ Kg6 35. Ne7+ Kxg5
36. Nxd5 Nc4 37. Nc7 Nxa3 38. d5 Kf6 39. d6 h5 40. Kd4 h4
41. Ke4 Nc4 42. Nxb5 a6 43. Nc7 Nxd6+ 44. Kf4 a5 45. Nd5+ Ke6
46. Nb6 Nb5 47. Kg4 Nxc3 48. Kxh4 Kf5 49. Kg3 Ke4 50. Kf2 Kd3
51. Ke1 Kc2 52. Kf2 Nd1+ 53. Ke2 Nb2 54. Ke1 Kc3 55. Ke2 Kc2
56. Ke1 Nd3+ 57. Ke2 Ne5 58. Ke1 Nc6 59. Ke2 Ne7 60. Ke3 Kc3
61. Ke2 Kc2 62. Ke3 Nc8 63. Na4 Kb3 64. Nc5+ Kb4 65. Kd4 Na7
66. Nd3+ Kb3 67. Nc5+ Kb4 68. Nd3+ Kb3 69. Ke4 1/2-1/2

[Event "World Rapid Championship"]
[Site "Khanty-Mansiysk RUS"]
[Date "2013.06.06"]
[EventDate "2013.06.06"]
[Round "4.11"]
[Result "1-0"]
[White "Igor Kurnosov"]
[Black "Nikita Vitiugov"]
[WhiteElo "2657"]
[BlackElo "2734"]
[PlyCount "99"]

1. e4 c6 2. d4 d5 3. e5 Bf5 4. Nf3 e6 5. Be2 Ne7 6. O-O Nc8
7. a4 a5 8. Nbd2 Na6 9. Nb3 Be7 10. Bd2 Nb4 11. Ne1 O-O 12. c3
Na6 13. Bd3 Nc7 14. f4 Nb6 15. Qc2 Qc8 16. h3 Nc4 17. g4 Bxd3
18. Nxd3 f5 19. exf6 Bxf6 20. Rae1 b6 21. Bc1 Bh4 22. Re2 Ne8
23. Ne5 Ned6 24. Nxc4 Nxc4 25. Nd2 Nxd2 26. Bxd2 Qd7 27. g5 h6
28. gxh6 Rf5 29. Rg2 Bf6 30. Rf3 Rf8 31. Rfg3 Rf7 32. Qb3 Qc7
33. Rg6 Kh7 34. hxg7 Rxg7 35. Rxg7+ Bxg7 36. Qd1 Qf7 37. Qe2
Rh5 38. Qg4 Bf6 39. Be1 Be7 40. Re2 Rf5 41. Bg3 c5 42. Re5
cxd4 43. cxd4 Bf6 44. Rxf5 Bxd4+ 45. Bf2 Bxf2+ 46. Kxf2 exf5
47. Qh4+ Kg7 48. Qg5+ Kh7 49. h4 d4 50. Qd8 1-0

[Event "GRENKE Chess Open"]
[Site "Karlsruhe GER"]
[Date "2017.04.17"]
[EventDate "2017.04.13"]
[Round "9.1"]
[Result "1/2-1/2"]
[White "Zdenko Kozul"]
[Black "Nikita Vitiugov"]
[WhiteElo "2631"]
[BlackElo "2729"]
[PlyCount "21"]

1. d4 Nf6 2. c4 e6 3. g3 d5 4. Bg2 Bb4+ 5. Bd2 Be7 6. Nf3 O-O
7. O-O c6 8. Qc2 Nbd7 9. Rd1 b6 10. b3 Ba6 11. a4 1/2-1/2

[Event "World Team Chess Championship"]
[Site "Khanty-Mansiysk RUS"]
[Date "2017.06.26"]
[EventDate "2017.06.17"]
[Round "9.3"]
[Result "0-1"]
[White "Alexander Onischuk"]
[Black "Nikita Vitiugov"]
[WhiteElo "2685"]
[BlackElo "2720"]
[PlyCount "112"]

1. d4 Nf6 2. c4 e6 3. Nf3 Bb4+ 4. Bd2 Bxd2+ 5. Qxd2 d5 6. Nc3
O-O 7. e3 Qe7 8. cxd5 exd5 9. Bd3 b6 10. O-O Bb7 11. Ne5 c5
12. Rac1 c4 13. Bb1 a6 14. a4 Nc6 15. f4 Nb4 16. Rce1 Rac8
17. Qe2 Rc7 18. g4 Ne4 19. g5 f6 20. gxf6 gxf6 21. Nf3 Kh8
22. Kh1 Qg7 23. Rg1 Qh6 24. Rg2 Qh5 25. Rf1 Bc8 26. Bxe4 dxe4
27. Nd2 Qxe2 28. Rxe2 Bg4 29. Rg2 Bh3 30. Ndxe4 Re7 31. Rf3
Bxg2+ 32. Kxg2 Nd3 33. Nd6 Ne1+ 34. Kf2 Nxf3 35. Kxf3 f5
36. Nxc4 Re6 37. d5 Rh6 38. d6 Rxh2 39. e4 b5 40. axb5 axb5
41. Nxb5 fxe4+ 42. Kxe4 Rh4 43. Ne5 Rhxf4+ 44. Kd5 Kg8 45. d7
Rf1 46. Nd4 Rd1 47. Nc6 h5 48. d8=Q Rxd8+ 49. Nxd8 h4 50. Nc6
h3 51. Ne7+ Kf7 52. Nf5 Kg6 53. Ng3 Kg5 54. Ke4 Kg4 55. Nde2
Re1 56. Ke3 Rxe2+ 0-1

[Event "TCh-CZE Extraliga -18"]
[Site "Czech Republic CZE"]
[Date "2017.11.18"]
[EventDate "2017.11.18"]
[Round "1.6"]
[Result "1-0"]
[White "Anton Korobov"]
[Black "Nikita Vitiugov"]
[WhiteElo "2652"]
[BlackElo "2721"]
[PlyCount "115"]

1. d4 d6 2. e4 Nf6 3. Nc3 g6 4. Nf3 Bg7 5. Be2 O-O 6. O-O a6
7. a4 Nc6 8. d5 Nb4 9. a5 e6 10. Be3 exd5 11. exd5 Bf5 12. Nd4
Bd7 13. Bf3 Re8 14. Qd2 Qe7 15. Bg5 c5 16. dxc6 bxc6 17. Rfe1
Qf8 18. Na4 Nfd5 19. c3 Rxe1+ 20. Rxe1 Re8 21. Nb6 Rxe1+
22. Qxe1 Qe8 23. Qxe8+ Bxe8 24. Nc4 Nd3 25. Nxd6 Bd7 26. Nc4
c5 27. Nb3 Be6 28. Be2 Nxb2 29. Nxb2 Nxc3 30. Bc4 Ne4 31. Bxe6
Bxb2 32. Bc4 Nxg5 33. Bxa6 Ne4 34. Bb7 Nd6 35. a6 Nb5 36. Bd5
c4 37. Bxc4 Na7 38. f4 Kf8 39. Kf2 Ke7 40. g4 h6 41. Ke3 f6
42. Ke4 Kd6 43. Bf7 g5 44. Nd4 gxf4 45. Nf5+ Kc5 46. Nxh6 Kb6
47. Bc4 Nc6 48. Nf7 Na5 49. Be2 Bc1 50. h4 Nb3 51. h5 Nc5+
52. Kf5 Nb3 53. Bf3 Nd4+ 54. Ke4 Ne6 55. h6 Nf8 56. Be2 Ka7
57. Bc4 Kb6 58. Nd6 1-0

[Event "TCh-CZE Extraliga -18"]
[Site "Czech Republic CZE"]
[Date "2017.11.19"]
[EventDate "2017.11.18"]
[Round "2.5"]
[Result "1-0"]
[White "Nikita Vitiugov"]
[Black "Daniel Sorm"]
[WhiteElo "2721"]
[BlackElo "2314"]
[PlyCount "67"]

1. d4 d5 2. c4 e6 3. Nf3 c6 4. e3 Bd6 5. Bd3 f5 6. O-O Nf6
7. b3 Qe7 8. Bb2 O-O 9. Nc3 Ne4 10. Rc1 Nd7 11. Ne2 b6 12. Ne5
Nxe5 13. dxe5 Bc5 14. Nd4 Bb7 15. cxd5 cxd5 16. f3 Ng5 17. Qe2
Rac8 18. Rc2 Bxd4 19. Bxd4 Rxc2 20. Qxc2 Rc8 21. Qb2 Nf7
22. b4 Qc7 23. b5 Qe7 24. a4 Ba8 25. Ra1 Qc7 26. f4 Nd8 27. a5
Nb7 28. axb6 axb6 29. Ra7 Qd8 30. Qa3 Nc5 31. Bf1 Qf8 32. h3
Rb8 33. Rc7 Rc8 34. Qa7 1-0

[Event "Russian Championship Superfinal"]
[Site "Moscow RUS"]
[Date "2020.12.05"]
[EventDate "2020.12.05"]
[Round "1"]
[Result "1/2-1/2"]
[White "Nikita Vitiugov"]
[Black "Vladislav Artemiev"]
[WhiteElo "2720"]
[BlackElo "2711"]
[PlyCount "42"]

1. e4 c5 2. Nf3 e6 3. d4 cxd4 4. Nxd4 Nf6 5. Nc3 Nc6 6. Ndb5
Bc5 7. Nd6+ Ke7 8. Bf4 e5 9. Nf5+ Kf8 10. Bg5 Bb4 11. Bc4 d5
12. Bxf6 Qxf6 13. Qxd5 Bxf5 14. exf5 g6 15. O-O Kg7 16. Ne4
Qxf5 17. c3 Be7 18. Ng3 Qf4 19. Ne2 Qf5 20. Ng3 Qf4 21. Ne2
Qf5 1/2-1/2

[Event "Russian Championship Superfinal"]
[Site "Moscow RUS"]
[Date "2020.12.06"]
[EventDate "2020.12.05"]
[Round "2"]
[Result "1/2-1/2"]
[White "Mikhail Antipov"]
[Black "Nikita Vitiugov"]
[WhiteElo "2611"]
[BlackElo "2720"]
[PlyCount "80"]

1. e4 c5 2. Nf3 d6 3. d4 cxd4 4. Nxd4 Nf6 5. Nc3 a6 6. a4 e5
7. Nf3 Be7 8. Bc4 Be6 9. Bb3 Nbd7 10. Be3 Ng4 11. Qe2 Nxe3
12. Qxe3 Nf6 13. Bxe6 fxe6 14. Ng5 Ng4 15. Qh3 Bxg5 16. Qh5+
Kf8 17. Qxg4 Kf7 18. h4 Bf6 19. Qh5+ Ke7 20. O-O-O Rc8 21. Rh3
Rc6 22. Rhd3 Qe8 23. Qe2 Qg6 24. Kb1 Rhc8 25. Qe3 Bxh4 26. Na2
Bg5 27. Qe1 Rd8 28. f3 Bf6 29. Qa5 Qe8 30. Nb4 Rc4 31. Qb6 Kf7
32. Rxd6 Rxd6 33. Rxd6 Be7 34. Qxb7 Kf8 35. Rb6 Qxa4 36. c3
Qd1+ 37. Ka2 Qa4+ 38. Kb1 Qd1+ 39. Ka2 Qa4+ 40. Kb1 Qd1+
1/2-1/2

[Event "Russian Championship Superfinal"]
[Site "Moscow RUS"]
[Date "2020.12.07"]
[EventDate "2020.12.05"]
[Round "3"]
[Result "0-1"]
[White "Nikita Vitiugov"]
[Black "Sergey Karjakin"]
[WhiteElo "2720"]
[BlackElo "2752"]
[PlyCount "84"]

1. e4 e5 2. Nf3 Nc6 3. Bb5 Nf6 4. O-O Nxe4 5. d4 Nd6 6. Bxc6
dxc6 7. dxe5 Nf5 8. Qxd8+ Kxd8 9. Rd1+ Ke8 10. Nc3 Ne7 11. a4
Ng6 12. a5 a6 13. h3 Be7 14. Be3 h5 15. Re1 h4 16. Bg5 Rh5
17. Bxe7 Kxe7 18. Ra4 b5 19. Rd4 Be6 20. b4 Kf8 21. Rdd1 Re8
22. Nd4 c5 23. Nxe6+ Rxe6 24. Rd8+ Re8 25. Rxe8+ Kxe8 26. Nd5
Kd7 27. f4 c6 28. Nb6+ Ke7 29. Nc8+ Ke6 30. Nd6 Nxf4 31. Ne4
cxb4 32. Nc5+ Kd5 33. Nxa6 c5 34. Rd1+ Kc4 35. Nc7 Ne6 36. Nd5
Nd4 37. Nb6+ Kc3 38. a6 Kxc2 39. a7 Rh8 40. Rf1 b3 41. Rf2+
Kd3 42. Nd7 Ra8 0-1

[Event "Russian Championship Superfinal"]
[Site "Moscow RUS"]
[Date "2020.12.08"]
[EventDate "2020.12.05"]
[Round "4"]
[Result "1-0"]
[White "Nikita Vitiugov"]
[Black "Alexey Goganov"]
[WhiteElo "2720"]
[BlackElo "2594"]
[PlyCount "55"]

1. d4 Nf6 2. c4 e6 3. Nf3 d5 4. Nc3 dxc4 5. e4 Bb4 6. Bg5 h6
7. Bxf6 Qxf6 8. Bxc4 c5 9. O-O cxd4 10. e5 Qd8 11. Ne4 O-O
12. Qe2 Be7 13. Rfd1 Qa5 14. a3 Rd8 15. b4 Qb6 16. Ng3 a5
17. b5 a4 18. Nh5 g6 19. Qd2 gxh5 20. Qxh6 Nd7 21. Bd3 f5
22. Qg6+ Kf8 23. Bc4 Nc5 24. Nxd4 Rxd4 25. Rxd4 Qc7 26. Re1
Nb3 27. Rf4 Bc5 28. Rd1 1-0

[Event "Russian Championship Superfinal"]
[Site "Moscow RUS"]
[Date "2020.12.09"]
[EventDate "2020.12.05"]
[Round "5"]
[Result "1/2-1/2"]
[White "Ian Nepomniachtchi"]
[Black "Nikita Vitiugov"]
[WhiteElo "2784"]
[BlackElo "2720"]
[PlyCount "49"]

1. e4 e5 2. Nf3 Nc6 3. d4 exd4 4. Nxd4 Nf6 5. Nxc6 bxc6 6. e5
Qe7 7. Qe2 Nd5 8. c4 Ba6 9. b3 g6 10. f4 d6 11. Qf2 Nf6
12. Be2 dxe5 13. O-O Ne4 14. Qe1 Qc5+ 15. Kh1 Qd4 16. Bf3 Qxa1
17. Qxe4 Bb7 18. Qc2 Bc5 19. Nc3 Bb4 20. Na4 O-O-O 21. Be2 Qd4
22. Rd1 Qa1 23. Rf1 Qd4 24. Rd1 Qa1 25. Rf1 1/2-1/2